| 000 | 00708nac a22002051u 4500 | ||
|---|---|---|---|
| 010 | _a 00053603 | ||
| 020 | _a0735520275 (alk. paper) | ||
| 082 | 0 | 0 |
_a343.73052 _bBLO |
| 090 |
_c9573 _d9573 |
||
| 100 | _aBlock, Cheryl D., | ||
| 245 | 1 | 0 |
_aCorporate taxation : _bexamples and explanations / _cCheryl D. Block. |
| 250 | _a2nd ed. | ||
| 260 |
_aGaithersburg : _bAspen Law & Business,2001 _cc2001. |
||
| 300 |
_axxv, 488 p. : _bill. ; _c26 cm. |
||
| 440 | 4 | _aThe examples & explanations series | |
| 500 | _aIncludes index. | ||
| 511 | _acatalogued by: wessam | ||
| 650 | 0 |
_aCorporations _xTaxation _xLaw and legislation _zUnited States. |
|
| 942 |
_cBB _k343.73052BLO |
||
| 999 |
_c9573 _d9573 |
||